000 00674nam a2200217Ia 4500
003 GCL
008 140319s9999 xx 000 0 ara d
020 _a8550270977
040 _aGCL /
_cGCL
082 0 4 _a792.015
_bك ف
100 1 _aدرينى خشبة
245 1 0 _aفى الفن المسرحى /
_cدرينى خشبة
700 1 _aكريج , ادوارد جوردون
700 1 _aعلى فهمى
260 _aالقاهرة :
_bالدار المصرية اللبنانية
300 _a307 ص ؛
_c24 سم
650 0 4 _aالادب الانجليزى
650 0 4 _aالمسرح الانجليزى
650 0 4 _aالفن المسرحى
942 _2ddc
_cBK
999 _c43502
_d43502